000 00568cam a22002291 4500
001 sa 68017554
003 DLC
005 20260227112703.0
008 900116s1968 ii b 000 0 beno
010 _asa 68017554
035 _a(OCoLC)20907734
040 _aDLC
_cWaU
_dDLC
042 _apremarc
050 0 0 _aBH81
_b.B45
100 1 _aBhattacharya, Sadhan Kumar.
245 1 0 _aŚilpatattva paricaẏa.
260 _c[1968]
300 _a257 p.
_c23 cm.
500 _aIn Bengali.
504 _aIncludes bibliographical references.
650 0 _aAesthetics.
999 _c87792
_d87792